Statistics for The Greatest Showman Songs

Click here to take the quiz!

General Stats

  • This quiz has been taken 1,484 times
  • The average score is 8 of 11

Answer Stats

HintAnswer% Correct
7This Is Me
95%
2A Million Dreams
92%
1The Greatest Show
91%
6Never Enough
85%
8Rewrite the Stars
84%
5The Other Side
77%
11From Now On
75%
9Tightrope
75%
4Come Alive
70%
3A Million Dreams (Reprise)
52%
10Never Enough (Reprise)
46%

Score Distribution

Percentile by Number Answered

Percent of People with Each Score

Your Score History

You have not taken this quiz